<?xml version="1.0" encoding="UTF-8"?>
<collection xmlns="http://www.loc.gov/MARC21/slim">
  <record>
    <leader>00000nam  2200000   4500</leader>
    <controlfield tag="001">INLIS000000000000460</controlfield>
    <controlfield tag="005">20190507083854</controlfield>
    <datafield tag="035" ind1="#" ind2="#">
      <subfield code="a">0010-0718000460</subfield>
    </datafield>
    <controlfield tag="008">190507################g##########0#ind##</controlfield>
    <datafield tag="020" ind1="#" ind2="#">
      <subfield code="a">9786022031413</subfield>
    </datafield>
    <datafield tag="041" ind1=" " ind2=" ">
      <subfield code="a">id</subfield>
    </datafield>
    <datafield tag="082" ind1="#" ind2="#">
      <subfield code="a">303.34</subfield>
    </datafield>
    <datafield tag="090" ind1=" " ind2=" ">
      <subfield code="a">300</subfield>
    </datafield>
    <datafield tag="100" ind1=" " ind2="#">
      <subfield code="a">Domai,Tjahjanulin</subfield>
    </datafield>
    <datafield tag="245" ind1="1" ind2="#">
      <subfield code="a">Sound Leadership: Paradigma Baru Nuansa Kepemimpinan /</subfield>
      <subfield code="c">Tjahjanulin Domai</subfield>
    </datafield>
    <datafield tag="250" ind1="#" ind2="#">
      <subfield code="a">ed.1</subfield>
    </datafield>
    <datafield tag="260" ind1="#" ind2="#">
      <subfield code="a">Malang :</subfield>
      <subfield code="b">Universitas Brawijaya Press,</subfield>
      <subfield code="c">2012</subfield>
    </datafield>
    <datafield tag="300" ind1="#" ind2="#">
      <subfield code="a">ix,213 hlm. :</subfield>
      <subfield code="b">ilus ;</subfield>
      <subfield code="c">24 cm</subfield>
    </datafield>
    <datafield tag="650" ind1=" " ind2="#">
      <subfield code="a">Kepemimpinan</subfield>
    </datafield>
    <datafield tag="084" ind1="#" ind2="#">
      <subfield code="a">303.34 Dom s</subfield>
    </datafield>
    <datafield tag="520" ind1="#" ind2="#">
      <subfield code="a">Ilmu kepemimpinan belum banyak dikaji secara spesifik terutama yang berkaitan dengan bagaimana usaha seorang leader daat mengangkat dan membangun "self leader" daripada  pengikutnya dengan kata lain bagaimana usaha seorang leader dapat memberdayakan (empowerment) para pengikutnya. Tugas seorang leader adalah membantu para pengikutnya untuk mengembangkan keterampilannya "self leadership"-nya untuk disumbangkan sepenuhnya kepada organisasinya. Melalui naskah ini Saudara Tjahjanulin akan mengajak kita menelusuri konsep-konsep kepemimpinan, dan memperlihatkan kepada kita bagaimana hasil kajiannya. Dia mencoba menampilkan, bagaimana cara mengembangkan "niat" menjadi seorang "leader", cara mempelajari leadership, memahami konsep-konsep leadership dan menerapkannya.</subfield>
    </datafield>
    <datafield tag="856" ind1="#" ind2="#">
      <subfield code="a">Perpustakaan Lembaga Administrasi Negara</subfield>
    </datafield>
    <datafield tag="990" ind1="#" ind2="#">
      <subfield code="a">141217147</subfield>
    </datafield>
    <datafield tag="990" ind1="#" ind2="#">
      <subfield code="a">141217148</subfield>
    </datafield>
    <datafield tag="990" ind1="#" ind2="#">
      <subfield code="a">141217147</subfield>
    </datafield>
    <datafield tag="990" ind1="#" ind2="#">
      <subfield code="a">141217148</subfield>
    </datafield>
    <datafield tag="990" ind1="#" ind2="#">
      <subfield code="a">141217148</subfield>
    </datafield>
    <datafield tag="990" ind1="#" ind2="#">
      <subfield code="a">141217147</subfield>
    </datafield>
  </record>
</collection>
